000 00488nam a2200181Ia 4500
003 LK-CoDNM
005 20240130103735.0
008 010623t xxu||||| |||| 00| 1 sin d
040 _aLK-CoDNM
_dLK-CoDNM
_eLK-CoDNM
041 _asin
080 _a104
_bN 22
245 _aකාම විද්‍යාව සහ ස්ත්‍රිය
246 _aKamavidyawa saha striya
260 _bPremachandra
_aColombo
300 _b62p., iill, 21 cm
650 _aSexuology
942 _cBK
999 _c137815
_d137815